| 000 | 00000nam##2200000za#4500 |
| 001 | 9.660088 |
| 003 | CaOODSP |
| 005 | 20200330102024 |
| 007 | ta |
| 008 | 150407|1998||||xxc||||| f|0| 0 fre|d |
| 020 | |a0-662-63508-6 |
| 040 | |aCaOODSP|bfre |
| 041 | |aeng |
| 041 | |afre |
| 043 | |an-cn--- |
| 086 | 1 |aSW21-31/1998 |
| 110 | 1 |aCanada. |bCondition féminine Canada. |
| 245 | 10|aQui donnera les soins? : |bles incidences du virage ambulatoire et des mesures d'économie sociale sur les femmes du Québec / |cpar Denyse Côté et al., Association féminine d'éducation et d'action sociale (APÉAS). |
| 260 | |aOttawa - Ontario : |bCondition féminine Canada |c1998. |
| 300 | |aTexte français, 134p. : |bfigures, tableaux ; |c28 cm. |
| 500 | |aDonnées de catalogage avant publication (Canada) imprimées dans cette publication. «Le présent rapport est issu d'une recherche menée de novembre 1996 à juin 1997. Il y est question des répercussions sur les femmes des transformations survenues dans le système de santé et des services sociaux et des mesures de soutien à l'économie sociale qui touchent ce secteur.»--Page ix. |
| 504 | |aBibliographie. |
| 520 | 3 |aLe présent rapport est issu d'une recherche menée de novembre 1996 à juin 1997. Il y est question des répercussions sur les femmes des transformations survenues dans le système de santé et des services sociaux et des mesures de soutien à l'économie sociale qui touchent ce secteur.--Page ix |
| 546 | |aBilingue |
| 563 | |aCouverture souple |
| 590 | |a98-27|b1998-07-03 |
| 691 | 07|aFemme|2gcpds |
| 691 | 07|aConditions sociales|2gcpds |
| 691 | 07|aRégime de soins de santé|2gcpds |
| 691 | 07|aRestructuration|2gcpds |
| 691 | 07|aServices d'urgence|2gcpds |
| 720 | 1 |aCôté, Denyse |
| 776 | 0#|tQui donnera les soins? : |w(CaOODSP)9.632934 |
| 776 | 0#|tWho will be responsible for providing care? : |w(CaOODSP)9.688508 |
| 791 | |tWho will be responsible for providing care? : |eeng|w(CaOODSP)9.660087 |